00614nam a2200181Ia 4500952012900000999001700129003000400146005001700150008004100167040000900208082001800217100003500235245005500270260003800325300000900363650001800372942004200390 00102ddc40708DRAaMESbMEScENGd2019-02-20g7.80l0o822.33 BAR/Pp3126r2019-02-20 00:00:00t1w2019-02-20yBKzGR14R2 c12139d12139OSt20201119110028.0190216s9999||||xx |||||||||||||| ||und|| coclc a822.33bBAR/P aBarker, Harley Granville94637 0aPrefaces To Shakespeare /cHarley Granville Barker bB T Batsford Ltd,c1963.aLondon: a274p aEnglish Drama cBK2ddch822.33iBAR/Pk822.33mBAR/P